Reivindicación de Alejandro VI (Record no. 109454)

MARC details
000 -LEADER
campo de control de longitud fija 00625nam a2200181 4500
001 - NÚMERO DE CONTROL
campo de control 109454
003 - IDENTIFICADOR DE NÚMERO DE CONTROL
campo de control ES-MaACL
005 - FECHA Y HORA DE LA ÚLTIMA TRANSACCIÓN
campo de control 20230906184839.0
007 - CAMPO FIJO DE DESCRIPCIÓN FÍSICA--INFORMACIÓN GENERAL
campo de control de longitud fija t|
008 - DATOS DE LONGITUD FIJA--INFORMACIÓN GENERAL
campo de control de longitud fija 061121s1954 sp r ||||1| spa d
100 1# - ENTRADA PRINCIPAL--NOMBRE DE PERSONA
Nombre de persona Olmos y Canalda, Elías.
9 (RLIN) 86998
245 10 - MENCIÓN DEL TÍTULO
Título Reivindicación de Alejandro VI
Resto del título : (El Papa Borja) /
Mención de responsabilidad, etc. por el Ilmo. Sr. D. Elías Olmos Y Canalda ; pórtico del Ilmo. Sr. Barón de San Petrillo.
250 ## - MENCION DE EDICION
Mención de edición 7ª ed.
260 ## - PUBLICACIÓN, DISTRIBUCIÓN, ETC.
Lugar de publicación, distribución, etc. Valencia :
Nombre del editor, distribuidor, etc. Semana Gráfica,
Fecha de publicación, distribución, etc. 1954.
300 ## - DESCRIPCIÓN FÍSICA
Extensión 267 p. lám. I-XVIII ;
Dimensiones 21 cm.
700 1# - ENTRADA AGREGADA--NOMBRE PERSONAL
Nombre de persona San Petrillo, Barón de.
9 (RLIN) 102294
852 ## - LOCALIZACIÓN
Ubicación ES-MaACL
Número de control de estantería C-10991
Sublocalización o colección R.38836
Holdings
Estatus retirado Estado de pérdida Estado de daño No para préstamo Biblioteca de origen Biblioteca actual Ubicación en estantería Fecha de adquisición Fuente de adquisición Total de préstamos Signatura topográfica completa Código de barras Visto por última vez Precio de reemplazo Tipo de ítem Koha
        Biblioteca del Ateneo de Madrid Biblioteca del Ateneo de Madrid Sala Palomar 17/01/2008     C-10991 1114206 23/02/2023 23/02/2023 Libro impreso